The Karnataka Education Act 1983 (Record no. 1430)

MARC details
000 -LEADER
fixed length control field 00319nam a22001217a 4500
008 - FIXED-LENGTH DATA ELEMENTS--GENERAL INFORMATION
fixed length control field 260505b |||||||| |||| 00| 0 eng d
082 ## - DEWEY DECIMAL CLASSIFICATION NUMBER
Classification number 001674
100 ## - MAIN ENTRY--PERSONAL NAME
Personal name Pallani, Yashpal
245 ## - TITLE STATEMENT
Title The Karnataka Education Act 1983
260 ## - PUBLICATION, DISTRIBUTION, ETC.
Place of publication, distribution, etc. Bangalore
Name of publisher, distributor, etc. Karnataka Law Journal Publsihers
Date of publication, distribution, etc. 2023
300 ## - PHYSICAL DESCRIPTION
Extent 1656p
942 ## - ADDED ENTRY ELEMENTS (KOHA)
Source of classification or shelving scheme Dewey Decimal Classification
Holdings
Withdrawn status Lost status Source of classification or shelving scheme Damaged status Not for loan Home library Current library Shelving location Date acquired Source of acquisition Inventory number Total Checkouts Full call number Barcode Date last seen Price effective from Koha item type
    Dewey Decimal Classification     Karnataka Samskrit University Library Karnataka Samskrit University Library General Stacks 09/12/2023 Karnataka Law Journal Publsihers 3045   001674 001674 05/05/2026 05/05/2026 Books

Powered by Koha